Золото и платиновые металлы в медно-молибден-порфировых месторождениях; Известия Томского политехнического университета [Известия ТПУ]; Т. 306, № 5

Podrobná bibliografie
Parent link:Известия Томского политехнического университета [Известия ТПУ]/ Томский политехнический университет (ТПУ).— , 2000-
Т. 306, № 5.— 2003.— [С. 24-32]
Hlavní autor: Коробейников А. Ф. Александр Феопенович
Další autoři: Грабежев А. И.
Shrnutí:Заглавие с титульного листа
Электронная версия печатной публикации
Среди месторождений порфировой рудной формации выделяются медно-порфировый (Au до 0,4 г/т, Cu /100 Au от 500 до 2000), золото-медно-порфировый (Au 0,5…3 г/т, Cu/100 Au 11…150) и медно-молибден-порфировый типы. Они отличаются различными содержаниями Cu, Mo, Au, Pt, Pd в рудах и сульфидных ассоциациях. При становлении материнских субвулканических гранитоидных магматических тел происходило рассеяние Au, Pt, Pd в разных типах возникавших пород: 1,8…4,1 мг/т Au, 0,5…6 мг/т Pt и 7…11 мг/т Pd. Автометасоматические процессы кислотного выщелачивания диоритов, порфиритов, гранодиоритов, плагиогранитов (серицитизация) приводили к незначительному накоплению благородных металлов (мг/т): 12…34 Au, 12…48 Pt, 12…78 Pd, kн1,2…8,7 в продуктах метасоматоза. Лишь завершающие гидротермальные процессы окварцевания и сульфидизации магматитов обеспечивали богатую концентрацию благородных металлов в зонах метасоматоза: 0,5…12 г/т Au, 0,1…0,5 г/т Pt и 0,05…0,3 г/т Pd, kн 100…1600 и более. При эволюции порфировых магмо-флюидных колонн происходило обогащение золотом и частично платиной, палладием, осмием их апикальных частей и возникали субвулканические золото-медно-порфировые месторождения с сопутствующими элементами платиновой группы (ЭПГ). Регионы палеорифтогенеза и тектоно-магматической активизации с такими близповерхностными проявлениями порфировых интрузий островодужного типа и являются наиболее перспективными на поиски промышленного комплексного благороднометалльного оруденения.
Jazyk:ruština
Vydáno: 2003
Edice:Естественные науки
Témata:
On-line přístup:http://www.lib.tpu.ru/fulltext/v/Bulletin_TPU/2003/v306/i5/06.pdf
Médium: MixedMaterials Elektronický zdroj Kapitola
KOHA link:https://koha.lib.tpu.ru/cgi-bin/koha/opac-detail.pl?biblionumber=167717

MARC

LEADER 00000nla2a2200000 4500
001 167717
005 20231031162853.0
035 |a (RuTPU)RU\TPU\book\181950 
035 |a RU\TPU\book\181947 
090 |a 167717 
100 |a 20091019d2003 k y0rusy50 ca 
101 0 |a rus 
102 |a RU 
135 |a drnn ---uucaa 
181 0 |a i  
182 0 |a b 
200 1 |a Золото и платиновые металлы в медно-молибден-порфировых месторождениях  |b Электронный ресурс  |f А. Ф. Коробейников, А. И. Грабежев 
203 |a Текст  |c электронный 
215 |a 1 файл (912 Кб) 
225 1 |a Естественные науки 
230 |a Электронные текстовые данные (1 файл : 912 Кб) 
300 |a Заглавие с титульного листа 
300 |a Электронная версия печатной публикации 
320 |a [Библиогр.: с. 31-32 (19 назв.)] 
330 |a Среди месторождений порфировой рудной формации выделяются медно-порфировый (Au до 0,4 г/т, Cu /100 Au от 500 до 2000), золото-медно-порфировый (Au 0,5…3 г/т, Cu/100 Au 11…150) и медно-молибден-порфировый типы. Они отличаются различными содержаниями Cu, Mo, Au, Pt, Pd в рудах и сульфидных ассоциациях. При становлении материнских субвулканических гранитоидных магматических тел происходило рассеяние Au, Pt, Pd в разных типах возникавших пород: 1,8…4,1 мг/т Au, 0,5…6 мг/т Pt и 7…11 мг/т Pd. Автометасоматические процессы кислотного выщелачивания диоритов, порфиритов, гранодиоритов, плагиогранитов (серицитизация) приводили к незначительному накоплению благородных металлов (мг/т): 12…34 Au, 12…48 Pt, 12…78 Pd, kн1,2…8,7 в продуктах метасоматоза. Лишь завершающие гидротермальные процессы окварцевания и сульфидизации магматитов обеспечивали богатую концентрацию благородных металлов в зонах метасоматоза: 0,5…12 г/т Au, 0,1…0,5 г/т Pt и 0,05…0,3 г/т Pd, kн 100…1600 и более. При эволюции порфировых магмо-флюидных колонн происходило обогащение золотом и частично платиной, палладием, осмием их апикальных частей и возникали субвулканические золото-медно-порфировые месторождения с сопутствующими элементами платиновой группы (ЭПГ). Регионы палеорифтогенеза и тектоно-магматической активизации с такими близповерхностными проявлениями порфировых интрузий островодужного типа и являются наиболее перспективными на поиски промышленного комплексного благороднометалльного оруденения. 
337 |a Adobe Reader 
461 1 |0 (RuTPU)RU\TPU\book\176237  |t Известия Томского политехнического университета [Известия ТПУ]  |f Томский политехнический университет (ТПУ)  |d 2000- 
463 1 |0 (RuTPU)RU\TPU\book\181929  |t Т. 306, № 5  |v [С. 24-32]  |d 2003  |p 146 с. 
610 1 |a платиновые металлы 
610 1 |a золото 
610 1 |a медно-молибден-порфировые месторождения 
610 1 |a рудные формации 
610 1 |a медно-порфировые месторождения 
610 1 |a золото-медно-порфировые месторождения 
610 1 |a автометасоматические процессы 
610 1 |a кислотное выщелачивание 
610 1 |a благородные металлы 
610 1 |a гидротермальные процессы 
610 1 |a магматиты 
610 1 |a метасоматоз 
610 1 |a тектоно-магматическая активизация 
610 1 |a интрузии 
610 1 |a комплексное оруденение 
610 1 |a труды учёных ТПУ 
610 1 |a электронный ресурс 
700 1 |a Коробейников  |b А. Ф.  |c российский геолог, доктор геолого-минералогических наук  |c профессор Томского политехнического университета  |f 1934-  |g Александр Феопенович  |2 stltpush  |3 (RuTPU)RU\TPU\pers\12688  |4 070 
701 1 |a Грабежев  |b А. И.  |4 070 
801 1 |a RU  |b 63413507  |c 20090623  |g PSBO 
801 2 |a RU  |b 63413507  |c 20210514  |g PSBO 
856 4 |u http://www.lib.tpu.ru/fulltext/v/Bulletin_TPU/2003/v306/i5/06.pdf 
942 |c CF